书目信息 |
| 题名: |
全国理工科重点院校研究生英语试题解答
|
|
| 作者: | 郭正行 , 汪庆庚 编 | |
| 分册: | ||
| 出版信息: | 西安 陕西人民出版社 1983 |
|
| 页数: | 517页 | |
| 开本: | 19cm | |
| 丛书名: | ||
| 单 册: | ||
| 中图分类: | H319.3 , G642.41 | |
| 科图分类: | ||
| 主题词: | 英语--研究生--试题 , 教育--各级 | |
| 电子资源: | ||
| ISBN: | ||
| 000 | 00789nam0 2200265 45 | |
| 001 | 0183012426 | |
| 005 | 20061103085648.35 | |
| 010 | @dCNY1.95 | |
| 100 | @a19960318d1983 em y0chiy0121 ea | |
| 101 | 0 | @achi@aeng |
| 102 | @aCN@b610000 | |
| 105 | @ay q 000yy | |
| 106 | @ar | |
| 200 | 10 | @a全国理工科重点院校研究生英语试题解答@Aquan guo li gong ke zhong dian yuan xiao yan jiu sheng ying yu shi ti jie da@e全国理工科重点院校@f郭正行,汪庆庚编 |
| 205 | @a2版 | |
| 210 | @a西安@c陕西人民出版社@d1983 | |
| 215 | @a517页@d19cm | |
| 606 | @a英语@x研究生@x试题 | |
| 606 | 0 | @a教育@x各级 |
| 690 | @aH319.3@v3 | |
| 690 | @aG642.41 | |
| 701 | 0 | @a郭正行@Aguo zheng xing@4编 |
| 701 | 0 | @a汪庆庚@Awang qing geng@4编 |
| 801 | 0 | @aCN@bNLC@c20061103 |
| 905 | @f2@b61941-942@dG642.41@e12 | |
| 全国理工科重点院校研究生英语试题解答:全国理工科重点院校/郭正行,汪庆庚编.-2版.-西安:陕西人民出版社,1983 |
| 517页;19cm |
| ISBN :CNY1.95 |
| ● |
| 相关链接 |
|
|
|
|
正题名:全国理工科重点院校研究生英语试题解答
索取号:G642.41/12
 
预约/预借
| 序号 | 登录号 | 条形码 | 馆藏地/架位号 | 状态 | 备注 |
| 1 | 0061941 | 000290081 | 密集书库/ [索取号:G642.41/12] | 在馆 | |
| 2 | 0061942 | 000290072 | 密集书库/ [索取号:G642.41/12] | 在馆 |